2009 UEFA European Under-21 Championship: Germany squad - Statistics

General Stats
  • This quiz has been taken 31 times
  • The average score is 10 of 24
Answer Stats
# Position Team Player % Correct
1 GK Schalke 04 Manuel Neuer
97%
10 MF Werder Bremen Mesut Özil
90%
8 MF VfB Stuttgart Sami Khedira
83%
5 DF Hamburger SV Jérôme Boateng
72%
15 DF Borussia Dortmund Mats Hummels
72%
2 DF 1899 Hoffenheim Andreas Beck
59%
4 MF Schalke 04 Benedikt Höwedes
59%
6 MF Hamburger SV Dennis Aogo
48%
11 MF Borussia Mönchengladbach Marko Marin
45%
13 FW MSV Duisburg Sandro Wagner
45%
12 GK Hannover 96 Florian Fromlowitz
38%
20 MF Bayer Leverkusen Gonzalo Castro
38%
21 DF Borussia Dortmund Marcel Schmelzer
38%
9 FW VfL Wolfsburg Ashkan Dejagah
34%
Coach Horst Hrubesch
31%
23 GK 1. FC Kaiserslautern Tobias Sippel
31%
22 FW MSV Duisburg Chinedu Ede
24%
7 MF Hertha BSC Patrick Ebert
24%
3 DF Werder Bremen Sebastian Boenisch
21%
19 MF MSV Duisburg Änis Ben-Hatira
17%
17 MF VfL Bochum Dennis Grote
17%
18 MF VfL Wolfsburg Daniel Adlung
14%
14 MF 1860 München Fabian Johnson
14%
16 DF SC Freiburg Daniel Schwaab
10%
No matching quizzes found
Score Distribution
Percent of People with Each Score
Percentile by Number Answered
Your Score History
You have not taken this quiz